Reinforced concrete design / Abi Aghayere O., Jason Vigil. (Record no. 22266)

000 -LEADER
fixed length control field 00852nam a22001817a 4500
020 ## - INTERNATIONAL STANDARD BOOK NUMBER
ISBN 9781683929079
082 ## - DEWEY DECIMAL CLASSIFICATION NUMBER
Classification number 624.18341
Item number Ag266 2024
100 ## - MAIN ENTRY--AUTHOR NAME
Personal name Aghayere, Abi O., author.
245 ## - TITLE STATEMENT
Title Reinforced concrete design / Abi Aghayere O., Jason Vigil.
250 ## - EDITION STATEMENT
Edition statement Tenth edition.
260 ## - PUBLICATION, DISTRIBUTION, ETC. (IMPRINT)
Place of publication Boston, MA :
Name of publisher Mercury Learning and Information,
Year of publication 2024
300 ## - PHYSICAL DESCRIPTION
Number of Pages xvii, 831 pages :
Other physical details illustrations.
500 ## - GENERAL NOTE
General note Includes index
520 ## - SUMMARY, ETC.
Summary, etc This textbook provides a comprehensive introduction to the design of reinforced concrete structures. It covers fundamental mechanics, flexural and shear design, columns, foundations, and specialized topics like prestressed concrete and formwork, updated to the latest ACI (American Concrete Institute) codes.
650 ## - SUBJECT ADDED ENTRY--TOPICAL TERM
Topical Term Reinforced concrete structural design
700 ## - ADDED ENTRY--PERSONAL NAME
Personal name Vigil, Jason
942 ## - ADDED ENTRY ELEMENTS (KOHA)
Koha item type Books
Holdings
Source of acquisition Permanent Location Date acquired Collection code Koha item type Lost status Shelving location Withdrawn status Current Location Full call number
DonationCagayan State University - Carig Library2026-04-16E-BooksElectronic Books E-Resource Section Cagayan State University - Carig Library624.1834 Ag266 2024

Cagayan State University University Library, Carig Campus
Tuguegarao City, Cagayan 3500 | www.csucarig.edu.ph

Powered by Koha